La filiacin̤ en las parejas homoparentales

Bibliographic Details
Main Author: de la Rosa Fernǹdez, Ricardo
Format: eBook
Language:Spanish
Published: Barcelona: J.M. Bosch Editor, 2020
Subjects:
Online Access:Acceso restringido

MARC

LEADER 00000nam a22000007a 4500
005 20200608182957.0
007 cr|||| ||||
008 200608s2020 es |||||s|||| 00||0 spa d
020 |a 978-84-121920-4-9 
035 |a 31730 
040 |a vLex 
090 |c 10575  |d 10575 
100 1 |a de la Rosa Fernǹdez, Ricardo 
245 1 2 |a La filiacin̤ en las parejas homoparentales  |h [Recurso electrn̤ico] /  |c Ricardo de la Rosa Fernǹdez 
256 |a Servicio en ln̕ea 
260 |a Barcelona:  |b J.M. Bosch Editor,  |c 2020 
300 |a 1 recurso electrn̤ico 
500 |a Se ha dicho en repetidas ocasiones que las personas homosexuales tienen actualmente una clara igualdad en sus relaciones de familia homoparental, con respecto de las personas heterosexuales. Esta afirmacin̤ se ha hecho descansar en que en 2005, las Cortes Generales dieron luz verde al matrimonio igualitario en Espaą. Pero lo cierto es que esta igualdad es ms̀ ter̤ica que prc̀tica y la desigualdad queda al descubierto cuando para las parejas homoparentales se alcanza el objetivo de tener hijos. En ese momento, se descubre que el camino que una pareja heterosexual sigue para que se establezca la filiacin̤ de sus hijos a favor de ambos miembros, es mucho ms̀ complicada en el caso de una pareja homosexual, ya que se establecen a la vez diferencias en funcin̤ de si la pareja la forman dos mujeres o dos hombres. En este trabajo se analiza en primer lugar la evolucin̤ del trato que desde el ordenamiento jurd̕ico se ha ido dando a las personas homosexuales, cm̤o se pueden establecer vn̕culos (como pareja estable o matrimonio) y la forma en que la filiacin̤ se establece en las parejas homoparentales, elaborando propuestas de mejora para cada una de estas situaciones y poniendo de relieve las necesidades que en estos sentidos tienen las familias homoparentales. Ricardo de la Rosa Fernǹdez es licenciado y doctor en derecho por la Universidad de Barcelona y abogado en ejercicio desde 1995. Tiene el tt̕ulo de ms̀ter en Derecho de Familia (Universidad de Barcelona), de Ms̀ter en Agentes de Igualdad (Universidad Cardenal Herrera) y de posgrado en Derecho Civil Catalǹ (Universidad de Barcelona) y Mediacin̤ (Universidad Rey Juan Carlos). Ha dedicado su carrera profesional a la defensa de los derechos de la persona y al ejercicio del derecho civil y de familia. Ha impartido clases en el Ms̀ter de Derecho de Familia de la Universidad de Barcelona, desde hace ms̀ de diez aǫs y preside la Comisin̤ para la Igualdad de Derechos de los Nuevos Modelos de Familia, del Ilustre Colegio de la Abogaca̕ de Barcelona. Fue condecorado por el Ministerio de Justicia en 2006, con la Cruz de San Raimundo de Peąfort, por su labor profesional en defensa de los derechos humanos. 
506 1 |a Disponible solo en los productos indicados  |d vLex Global  |d vLex Global (Academic Edition, excluding Law Schools)  |d vLex Global (U.S. Academic Edition, Law Schools)  |d vLex Global (U.S. Academic Edition, excluding Law Schools)  |d vLex Global (Academic Edition, Law Schools) 
650 0 4 |a Derecho Civil  |z Espaą 
650 0 4 |a Familia y Sucesiones  |z Espaą 
740 0 |a vLex Libros (Servicio en ln̕ea) 
856 4 0 |u http://vlex.com/source/filiacion-en-las-parejas-homoparentales-31730  |z Acceso restringido 
942 |c BOOK 
999 0 |a Civil Law 
999 0 |a Family and Successions